Neural correlates of consciousness: empirical and conceptual questions
সংরক্ষণ করুন:
| প্রধান লেখক: | |
|---|---|
| বিন্যাস: | গ্রন্থ |
| ভাষা: | ইংরেজি |
| প্রকাশিত: |
Cambridge
MIT
2000
|
| বিষয়গুলি: | |
| ট্যাগগুলো: |
ট্যাগ যুক্ত করুন
কোনো ট্যাগ নেই, প্রথমজন হিসাবে ট্যাগ করুন!
|
MARC
| LEADER | 00000nam a2200000 a 4500 | ||
|---|---|---|---|
| 001 | UCN8601 | ||
| 003 | CL-VaPUC | ||
| 008 | 011116e20000000US |||||||||||||||||eng|d | ||
| 082 | 0 | 4 | |a 612.82 |b MET |2 21 |
| 100 | |a Metzinger, Thomas |e autor |9 464931 | ||
| 245 | 1 | 0 | |a Neural correlates of consciousness: empirical and conceptual questions |
| 300 | |a 350 p | ||
| 942 | |c BK | ||
| 945 | |d 20011116 00:00:00 |a cmena | ||
| 260 | |a Cambridge |b MIT |c 2000 | ||
| 650 | 0 | |a Neuropsicología |9 270837 | |
| 650 | 0 | |a Conciencia |9 309452 | |
| 650 | 7 | |a FENOMENOS DE LA CONCIENCIA |2 CL-VaPUC |9 464932 | |
| 650 | 0 | |a Neurobiología |9 269798 | |
| 583 | |a last modification |c 20011116 00:00:00 |k Rodrigo Vera | ||
| 999 | |c 298437 |d 298435 | ||
| 952 | |0 0 |1 0 |4 0 |6 612_820000000000000_MET_2000 |7 0 |8 A |9 354018 |a FDOPOS |b FDOPOS |d 2019-11-21 |i 3773833 |o 612.82 MET 2000 |p 3773833 |r 2025-01-22 |w 2019-11-21 |y BK |k MLA | ||